=LDR 00000nam 2200000 4500 =001 NUTBA000000000004289 =005 20140910110127.0 =006 =007 =008 =020 ##$$a 979-444-401-4 =035 ##$$a 0010-091400000000322 =082 ##$$a 331.11-Mat-m =100 ##$$a R.Matindas =245 ##$$a Manajemen S.D.M =250 ##$$a Cet.2 =260 ##$$a Jakarta $b Pustaka Utama Grafiti $c 2002 =300 ##$$a ix,190 Hlm $c 21 Cm =850 ##$$a NBPNMAT =990 ##$$a 0001/BPAP-NTB/20142014 =990 ##$$a 0001/BPAP-NTB/20142014 =990 ##$$a 0001/BPAP-NTB/20142014